| 000 | 00576nam a22001577a 4500 | ||
|---|---|---|---|
| 003 | OSt | ||
| 005 | 20151003143434.0 | ||
| 008 | 151003b xxu||||| |||| 00| 0 eng d | ||
| 040 | _cRUA | ||
| 082 | _aAVM SOU 1999 B071 Or.1 | ||
| 100 |
_91904 _aSOUN, SOKHENG. |
||
| 245 | _aBoar keeping at the pig breeding farm of TAI I company, ការចិញ្ចឹមជ្រូកបានៅស្ថានីយ៍ចិញ្ចឹមជ្រូកក្រុមហ៊ុនថៃអ៊ី | ||
| 260 |
_aPhnom Penh _bRUA _c1999 |
||
| 300 |
_a39p. _bill. _c29cm. |
||
| 942 |
_2ddc _cAVM |
||
| 999 |
_c1799 _d1799 |
||